01376nam a2200385 i 450000100060000000300080000600500170001400600190003100700150005000800410006502000280010603500220013404000310015605000220018708000080020908200170021710000270023424500550026126400570031630000410037333600310041433700330044533800430047850000220052150400280054358800830057159001620065465000140081665000190083065000160084965500270086579700180089285600630091099900170097347477FINmELB20241216231852.0m o d | cr cnu||||||||230626s2023 ag ob 001 0 spa d a9789877194098q(e-book) a(OCoLC)1390974281 aFINmELBbspaerdacFINmELB 4aML3830bB918 2023 a78104a780.01552231 aBuch, Esteban,eautor.10aPlaylist :bmúsica y sexualidad /cEsteban Buch. 1aBuenos Aires :bFondo de Cultura Económica,c2023. a1 recurso en línea (338 páginas) atextobtxt2rdacontent/spa acomputadorabc2rdamedia/spa arecurso en líneabcr2rdacarrier/spa aIncluye índice. aIncluye bibliografía. aDescripción basada en metadatos suministrados por el editor y otras fuentes. aRecurso electrónico. Santa Fe, Arg.: elibro, 2023. Disponible vía World Wide Web. El acceso puede estar limitado para las bibliotecas afiliadas a elibro. 4aMúsica. 4aMusicología. 4aSexualidad. 4aLibros electrónicos.2 aelibro, Corp.40uhttps://elibro.net/ereader/politecnicointernacional/230766 c47477d47477